| 000 | 00533nam a22001931a 4500 | ||
|---|---|---|---|
| 001 | 1980 | ||
| 003 | OSt | ||
| 005 | 20260204211755.0 | ||
| 008 | 040122s2003||||dr ||||||b||||||||||spa|| | ||
| 050 | _aRD 394.25 C214s | ||
| 082 | _aRD 394.25 C214s | ||
| 245 | _aCarnaval y sociedad / Marcio Veloz, Maggiolo | ||
| 264 | _aSanto Domingo : Comisión Nacional de Carnaval | ||
| 300 | _a79 p. | ||
| 500 | _aIncluye indice. | ||
| 650 | _a1.Carnavales 2.Costumbres 3.Folklore | ||
| 700 | _aVeloz Maggiolo, Marcio IIÌ | ||
| 942 |
_2ddc _cBK |
||
| 999 |
_c1980 _d1980 |
||